Quizzes
Events
Quiz Creation
Community
Videos
Private Events
Remove Ads
Sign In
Join for FREE
Feedback
Dark Mode
Quiz Categories
Sports
Geography
Music
Movies
Television
Just For Fun
Miscellaneous
History
Literature
Language
Science
Gaming
Entertainment
Religion
Holiday
For Kids
Quiz Lab
Recent
Popular Today
Quiz Kudos Today
Editor Picks
Curator Picks
Quizzes by...
Day
Popularity
Type
Ratings
Length
Year
Community
Subscriptions
Recent Discussions
Orange Saloon
Badges
Playlists
Quests
Create
Leaderboards
Showdown
Live 5
Trivia Bingo
Activity
Puzzle Library
Sporcle Events
Private Events
Virtual Trivia
Globe League
Become a Host
Pub Owners
SporcleCon
Opinionation
Our Games
Videos
Blog
Mobile Apps
Partnerships
Remove Ads and Go Orange
Feedback
Sports
Athletes
MLB
NBA
NHL
NFL
Soccer
Sports Teams
WWE
NCAA
Football
Premier League
Basketball
Baseball
Hockey
Golf
Tennis
Cricket
Rugby
Auto Racing
Olympics
World Cup
Sports
Athletes
MLB
NBA
NHL
NFL
Soccer
Sports Teams
WWE
NCAA
Football
Premier League
Basketball
Baseball
Hockey
Golf
Tennis
Cricket
Rugby
Auto Racing
Olympics
World Cup
Random Quiz
Search Sporcle
×
Quiz Lab
Quiz Lab
Sports
Football
Type in answers that appear in a list
Type in answers that appear in a list
Classic
Best Score? Go Orange.
College Football Grab Bag Stats
Can you name the answers from the world of college football?
By
mike494
10m
66 Questions
4,927 Plays
4,927 Plays
4,927 Plays
Comments
Comments
Give Quiz Kudos
Give Quiz Kudos
-
- Ratings
hide this ad
Replay
Link that replays current quiz
Next Quiz
Link to next quiz in quiz playlist
You Got
0%
They Got
Avg Score
53%
Avg Friend Score
Upgrade to see
Score Distribution
Jump to the score distribution portion of the page
Score
0/66
Timer
10:00
0
Plays Today
Category
Answers
% Correct
FBS Teams From Texas
Texas
94.7%
Top 5 Schools in Average 2009 Attendance
Texas
94.7%
FBS Teams From Texas
Texas Tech
91%
Top 5 Schools in Avg. Passing Offense (2009)
2 - Texas Tech
91%
FBS Teams From Texas
Texas A&M
88.4%
Big East Schools
Connecticut
77.3%
6 Teams Who Beat Notre Dame in 2009
Connecticut
77.3%
Top 5 Schools in Average 2009 Attendance
Michigan
76.8%
6 Teams Who Beat Notre Dame in 2009
Michigan
76.8%
FBS Teams From Texas
Texas Christian
75.2%
5 Winningest Coaches in FBS History
Joe Paterno
75.1%
FBS Teams From Texas
Baylor
74.9%
Big East Schools
Pittsburgh
74.6%
6 Teams Who Beat Notre Dame in 2009
Pittsburgh
74.6%
Big East Schools
Syracuse
73.9%
Big East Schools
West Virginia
73.2%
FBS Teams From Texas
Houston
72.7%
Top 5 Schools in Avg. Passing Offense (2009)
1 - Houston
72.7%
Last 5 USC Starting QBs (Min.10 Starts)
Matt Leinart
71.8%
Big East Schools
Rutgers
71.4%
5 Winningest Coaches in FBS History
Bobby Bowden
70.2%
Last 5 USC Starting QBs (Min.10 Starts)
Carson Palmer
69.5%
Last 5 USC Starting QBs (Min.10 Starts)
Mark Sanchez
68.4%
6 Teams Who Beat Notre Dame in 2009
Southern Cal
68.2%
Top 5 Schools in Average 2009 Attendance
Ohio State
67.6%
Big East Schools
Louisville
64%
Big East Schools
Cincinnati
63.4%
The 5 'Mid Major' Conferences
Western Athletic Conference
62.1%
FBS Teams From Texas
Texas El Paso
61.7%
Big East Schools
South Florida
60.5%
The 5 'Mid Major' Conferences
Mid-American Conference
60.5%
FBS Teams From Texas
Southern Methodist
60%
The 5 'Mid Major' Conferences
Mountain West Conference
57.9%
Category
Answers
% Correct
Top 5 Schools in Average 2009 Attendance
Penn State
56.7%
Last 5 Heisman Runners-
up
2008 - Colt McCoy
56.7%
FBS Teams From Texas
Rice
56.6%
5 Winningest Coaches in FBS History
Paul 'Bear' Bryant
55.8%
FBS Teams From Texas
North Texas
52.1%
6 Teams Who Beat Notre Dame in 2009
Navy
52%
Last 5 USC Starting QBs (Min.10 Starts)
Matt Barkley
51.7%
Last 5 USC Starting QBs (Min.10 Starts)
John David Booty
50.7%
The 5 'Mid Major' Conferences
Conference USA
49.9%
The 5 'Mid Major' Conferences
Sun Belt Conference
47.7%
Top 5 Schools in Average 2009 Attendance
Tennessee
46.6%
Last 5 Heisman Runners-
up
2009 - Toby Gerhart
42.4%
6 Teams Who Beat Notre Dame in 2009
Stanford
37.1%
Last 5 Heisman Runners-
up
2005 - Vince Young
36.8%
Last 7 Butkus Award Winners (Top LB)
2009 - Rolando McClain
35.9%
Top 5 Schools in Avg. Passing Offense (2009)
3 - Hawaii
35%
Last 7 Butkus Award Winners (Top LB)
2008 - Aaron Curry
34.7%
Last 7 Butkus Award Winners (Top LB)
2006 - Patrick Willis
31.5%
5 BCS Schools with Lowest All-
Time Win%
Northwestern - .416
30.7%
Top 5 Schools in Avg. Passing Offense (2009)
5 - Notre Dame
29.7%
Last 5 Heisman Runners-
up
2007 - Darren McFadden
27.9%
Last 5 Heisman Runners-
up
2006 - Darren McFadden
27.9%
Last 7 Butkus Award Winners (Top LB)
2004 - Derrick Johnson
27.4%
5 BCS Schools with Lowest All-
Time Win%
Indiana - .405
26.1%
Last 7 Butkus Award Winners (Top LB)
2007 - James Laurinaitis
22.2%
5 BCS Schools with Lowest All-
Time Win%
Iowa State - .442
22.1%
5 BCS Schools with Lowest All-
Time Win%
Kansas State - .416
21.7%
5 BCS Schools with Lowest All-
Time Win%
Wake Forest - .396
19.9%
Last 7 Butkus Award Winners (Top LB)
2005 - Paul Posluszny
16.9%
5 Winningest Coaches in FBS History
Amos Alonzo Stagg
8.2%
Last 7 Butkus Award Winners (Top LB)
2003 - Teddy Lehman
7.9%
5 Winningest Coaches in FBS History
Pop Warner
6.2%
Top 5 Schools in Avg. Passing Offense (2009)
4 - Troy
5.9%
Quiz Playlist
Details
Report
Send in Message
Add To Playlist
Classic:
Type in answers that appear in a list
Last Updated: Aug 17, 2017
Quiz Scoreboard
CHALLENGE
Sign Up to Join the Scoreboard
Show All
Scores
Hide
Comments
May contain spoilers
Recently Published
Presidents Visiting Landmarks
by Hejman
History
7m
An Introduction to Baseball
by treessimontrees
Sports
5m
Movies - When Are They Set?
by FPL_Elf
Movies
5m
More to Explore
Quiz From the Vault
Featured Blog Post
Where Did the Easter Bunny Come From?
hide this ad
You Might Also Like...
Tags
College Quiz
Football Quiz
Grab Bag Quiz
World Quiz
bag
Category
Today's Top Quizzes in Sports
Browse Sports
hide this ad
Today's Top Quizzes in Football
Browse Football
Top Contributed Quizzes in Sports
1
Les meilleurs buteurs des matchs entre le PSG et l’OM
2
2022 World Cup Stars
3
FIFA Club World Cup Champions
4
Les entraîneurs de l'OM et du PSG au 21e siècle
5
Name the Premier League winners with different clubs
6
5-to-1: UK Sports Teams
7
La finale Lions - Afrique du Sud 2021
8
Criteria MLB: Left Handed Sluggers
9
AFC Teams Reveal (Wrong Answers Minefield)
10
England Test cricketers to play under Nasser Hussain
Explore More
Trending Topics
NBA
Anime
Harry Potter
Disney
Kpop
Crossword
Marvel
Song
NFL
Pokémon
Puzzle
Soccer
Country
The Office
WWE
hide this ad
More By:
mike494
Quiz
Plays
Rating
Category
Featured
Created
Winningest UFC Fighters
8,351
3.19
Sports
Oct 3, 2009
College Football Grab Bag
4,927
4.18
Sports
Jan 28, 2010
Top 50 Colleges (2009)
3,714
2.48
Miscellaneous
Oct 5, 2009
The big UFC Trivia game
3,514
4.11
Sports
Nov 2, 2009
Undefeated College Football Teams
2,722
3.71
Sports
Oct 4, 2009
Go to Creator's Profile
Score Distribution
Quiz Creator Spotlight
mike494
Follow
Send a Message
Quizzes Created
-
Created Quiz Play Count
-
More By This Creator
Popular Quizzes Today
1
Find the US States - No Outlines Minefield
2
Find the Countries of Europe - No Outlines Minefield
3
The Countries of the World
4
Find the US States
5
Popular People in 1961
6
US States
7
Risky Map Clicking: Biggest States A-Z
8
Movies - When Are They Set?
More Sports Quizzes
2007 Formula 1 Driver Photo
Quiz Lab
Trending Quizzes
Risky Map Clicking: Least Populous States A-Z
1-10 Letter G Words
1-10 Letter F Words
Risky Map Clicking: Next State Alphabetically
Risky Map Clicking: Biggest States A-Z
Recently Updated
Leaping Animals
pecheneg
Reality TV Shows (A-Z)
bhenderson79
Rickey Henderson's Hall of Fame Teammates
pecheneg
Champions League XIs: Arsenal
pecheneg
Quick Pick: Celebrities in WWE's Hall of Fame
aduchscher
A-Z Keypad Blitz II
pecheneg
Multiple Oscar Actors
pecheneg
Mystery Phrase Blitz: Oscar 'Best Actors'
pecheneg
F. Scott Fitzgerald Novels
LTH
Pick 3 Villains
ddd62291
Trending Topics
Kpop
Crossword
Disney
Anime
NBA
Harry Potter
Marvel
WWE
The Office
Country
Puzzle
Pokémon
NFL
Soccer
Song
Your Account Isn't Verified!
In order to create a playlist on Sporcle, you need to verify the email address you used during registration. Go to your
Sporcle Settings
to finish the process.
Report this User
Report this user for behavior that violates our
Community Guidelines
.
Details:
Send Report
Go to the Sporcle.com Mobile Site →
Comments